China's rural industry = (Record no. 14664)
[ view plain ]
| 000 -LEADER | |
|---|---|
| fixed length control field | 01580cam a2200385 a 4500 |
| 001 - CONTROL NUMBER | |
| control field | 1036822 |
| 003 - CONTROL NUMBER IDENTIFIER | |
| control field | 000 |
| 005 - DATE AND TIME OF LATEST TRANSACTION | |
| control field | 20170727094647.0 |
| 007 - PHYSICAL DESCRIPTION FIXED FIELD--GENERAL INFORMATION | |
| fixed length control field | 000 |
| 008 - FIXED-LENGTH DATA ELEMENTS--GENERAL INFORMATION | |
| fixed length control field | 891116s1990 enka b 001 0 eng |
| 010 ## - LIBRARY OF CONGRESS CONTROL NUMBER | |
| LC control number | 89026665 |
| 020 ## - INTERNATIONAL STANDARD BOOK NUMBER | |
| International Standard Book Number | 0195208226 |
| 040 ## - CATALOGING SOURCE | |
| Original cataloging agency | UOEL |
| Transcribing agency | DLC |
| Modifying agency | DLC |
| 043 ## - GEOGRAPHIC AREA CODE | |
| Geographic area code | a-cc--- |
| 050 00 - LIBRARY OF CONGRESS CALL NUMBER | |
| Classification number | HC427.92 |
| Item number | .C46553 1990 |
| 082 00 - DEWEY DECIMAL CLASSIFICATION NUMBER | |
| Classification number | 338.951/009173/4 |
| Edition number | 20 |
| 245 00 - TITLE STATEMENT | |
| Title | China's rural industry = |
| Remainder of title | [Hsiang chen kung yeh] : structure, development, and reform / |
| Statement of responsibility, etc. | edited by William A. Byrd and Lin Qingsong. |
| 260 ## - PUBLICATION, DISTRIBUTION, ETC. (IMPRINT) | |
| Place of publication, distribution, etc. | Oxford [England] ; |
| -- | New York : |
| Name of publisher, distributor, etc. | Published for the World Bank [by] Oxford University Press, |
| Date of publication, distribution, etc. | c1990. |
| 300 ## - PHYSICAL DESCRIPTION | |
| Extent | xiv, 445 p. : |
| Other physical details | ill. ; |
| Dimensions | 25 cm. |
| 440 #2 - SERIES STATEMENT/ADDED ENTRY--TITLE | |
| Title | A World Bank research publication |
| 500 ## - GENERAL NOTE | |
| General note | Parallel title in Chinese characters. |
| General note | Revised papers from an international conference held in Beijing, Nov. 4-7, 1987, sponsored by the World Bank and the Institute of Economics of the Chinese Academy of Social Sciences. |
| 504 ## - BIBLIOGRAPHY, ETC. NOTE | |
| Bibliography, etc | Includes bibliographical references (p. 427-431) and index. |
| 650 #0 - SUBJECT ADDED ENTRY--TOPICAL TERM | |
| Topical term or geographic name as entry element | Rural industries |
| Geographic subdivision | China. |
| Topical term or geographic name as entry element | Industrial policy |
| Geographic subdivision | China. |
| 651 #0 - SUBJECT ADDED ENTRY--GEOGRAPHIC NAME | |
| Geographic name | China |
| General subdivision | Economic policy |
| Chronological subdivision | 1976-2000. |
| 700 1# - ADDED ENTRY--PERSONAL NAME | |
| Personal name | Byrd, William A. |
| Personal name | Lin, Qingsong. |
| 710 2# - ADDED ENTRY--CORPORATE NAME | |
| Corporate name or jurisdiction name as entry element | World Bank. |
| Corporate name or jurisdiction name as entry element | Zhongguo she hui ke xue yuan. |
| Subordinate unit | Jing ji yan jiu suo. |
| 740 0# - ADDED ENTRY--UNCONTROLLED RELATED/ANALYTICAL TITLE | |
| Uncontrolled related/analytical title | Hsiang chen kung yeh. |
| 856 42 - ELECTRONIC LOCATION AND ACCESS | |
| Materials specified | Publisher description |
| Uniform Resource Identifier | <a href="http://www.loc.gov/catdir/enhancements/fy0603/89026665-d.html">http://www.loc.gov/catdir/enhancements/fy0603/89026665-d.html</a> |
| 906 ## - LOCAL DATA ELEMENT F, LDF (RLIN) | |
| a | 7 |
| b | cbc |
| c | orignew |
| d | 1 |
| e | ocip |
| f | 19 |
| g | y-gencatlg |
| 942 ## - ADDED ENTRY ELEMENTS (KOHA) | |
| Source of classification or shelving scheme | Library of Congress Classification |
| Koha item type | SES Book |
| Withdrawn status | Lost status | Source of classification or shelving scheme | Damaged status | Not for loan | Home library | Current library | Shelving location | Date acquired | Total Checkouts | Full call number | Barcode | Date last seen | Copy number | Price effective from | Koha item type |
|---|---|---|---|---|---|---|---|---|---|---|---|---|---|---|---|
| Library of Congress Classification | UOE Main Library | UOE Main Library | Open shelf | 27/07/2017 | HC427.92 .C46553 1990 | 10000119 | 27/04/2026 | 10000119 | 27/07/2017 | SES Book |
